|
|
|
|
| LEADER |
00000nab a2200000 a 4500 |
| 001 |
vtls008838259 |
| 003 |
SK-MaSNL |
| 005 |
20260303062047.0 |
| 008 |
060811c20060629xo dr n 000 00slo |
| 038 |
|
|
|a SVKPOCL
|
| 040 |
|
|
|a SVKPOCL
|b slo
|c AACR2
|e AACR2
|
| 041 |
|
|
|a slo
|
| 044 |
|
|
|a xo
|c SK
|
| 080 |
|
|
|a 008(540)
|2 2001
|
| 080 |
|
|
|a 394(540)
|2 2001
|
| 100 |
1 |
|
|a Jurčišinová, Jana
|4 aut
|9 1050256
|
| 245 |
1 |
0 |
|a Tolerancia kultúr
|b India plná farieb v PKO
|c Jana Jurčišinová ; foto: Milan Grejták
|
| 300 |
|
|
|a Fotogr.
|
| 610 |
2 |
7 |
|a Park kultúry a oddychu (Prešov, Slovensko)
|2 svkpocl
|9 35070
|
| 611 |
2 |
7 |
|a Deň indickej kultúry
|n (14. :
|d 2006 :
|c Prešov, Slovensko)
|2 svkpocl
|9 1057227
|
| 651 |
|
7 |
|a Prešov (Slovensko)
|2 svkpocl
|9 17347
|
| 700 |
1 |
|
|a Grejták, Milan
|4 pht
|9 434980
|
| 773 |
0 |
|
|t Prešovský večerník
|g Roč. XVII, č. 3987 (29.6.2006), s. 2
|x 1336-4030
|
| 852 |
|
|
|a SVKPO
|b KIS3GCP
|
| 856 |
4 |
1 |
|u www.vecernik.po.sk
|
| 958 |
|
|
|a RG
|
| 999 |
|
|
|c 1737821
|d 1739751
|